| 000 | 01268nam a22003377a 4500 | ||
|---|---|---|---|
| 001 | T0000023 | ||
| 003 | KOHA_MİRAKIL | ||
| 005 | 20260207004504.0 | ||
| 007 | ta | ||
| 008 | 190402b2012 xx |||grm|||#0|||0|tur | | ||
| 040 |
_aTR-BiSEU _btur _cTR-BiSEU _erda |
||
| 041 | 0 | _atur | |
| 050 | 0 | 0 |
_aTez _b23 |
| 100 | 1 | _aÇetin, Meltem. | |
| 245 | 1 |
_aİşe alım süreciyle yetkinlik arasındaki ilişkiye yönelik bir araştırma/ _cMeltem Çetin ; Meltem Çetin; danışman İsa İpçioğlu. |
|
| 264 | 1 |
_aBilecik : _bBilecik Üniversitesi _c2012 |
|
| 300 | _aXI, 151 sayfa: tablo; 30 cm.+1 CD-ROM | ||
| 336 |
_ametin _btxt _2rdacontent |
||
| 337 |
_aaracısız _bn _2rdamedia |
||
| 338 |
_acilt _bnc _2rdacarrier |
||
| 500 | _aRef. No: 422145 | ||
| 500 | _aKaynakça var. | ||
| 500 | _aİngilizce Eser Adı: The relation between recruiment and competence: A study | ||
| 502 | _aTez (Yüksek Lisans) -- Bilecik Üniversitesi Sosyal Bilimler Enstitüsü İşletme Anabilim Dalı, Bilecik, . | ||
| 650 | 0 |
_aYetkinlik--İşe alım süreci. _9118851 |
|
| 650 | 0 |
_aİnsan kaynakları yönetimi. _910858 |
|
| 650 | 0 |
_aCompetence--Recruitment process. _9118852 |
|
| 650 | 0 |
_aHuman resources management. _910857 |
|
| 856 | 4 | 0 | _uhttp://acikkaynak.bilecik.edu.tr/xmlui/handle/11552/89 |
| 907 | _aYüksek Lisans | ||
| 942 |
_2lcc _cTS |
||
| 999 |
_c64574 _d64574 |
||